Los judíos de España: la diáspora sefardí desde 1492

Guardado en:
Detalles Bibliográficos
Otros Autores: Kedourie, Elie (Editor)
Formato: Libro
Lenguaje:español
Publicado: Barcelona, España Crítica 1992
Colección:Drakontos
Materias:
Etiquetas: Agregar Etiqueta
Sin Etiquetas, Sea el primero en etiquetar este registro!

MARC

LEADER 00000nam a2200000 a 4500
001 UCM1274
003 CL-VaPUC
005 20200420154907.0
008 020328e19920000SP |||||||||||||||||spa|d
999 |c 299865  |d 299863 
020 |a 8474235561 
040 |c Pontificia Universidad Católica de Valparaíso 
082 0 4 |a 946 KED 1992  |2 21 
100 |a Kedourie, Elie  |e editor  |9 468327 
245 1 4 |a Los judíos de España:  |b  la diáspora sefardí desde 1492 
260 |a Barcelona, España  |b Crítica  |c 1992 
300 |a 250 páginas 
490 0 |a Drakontos 
583 |a last modification  |c 20020328 00:00:00  |k Rodrigo Vera 
650 7 |a HISTORIA DE ESPAÑA  |2 CL-VaPUC  |9 468328  |x JUDIOS 
650 7 |a COMUNIDADES JUDIAS  |2 CL-VaPUC  |9 257432  |z ESPAÑA 
650 7 |a SEFARDIES  |2 CL-VaPUC  |9 468329  |z ESPAÑA 
650 7 |a PERSECUCIONES POLITICAS  |2 CL-VaPUC  |9 436237  |z ESPAÑA 
650 7 |a HISTORIA DE ESPAÑA  |2 CL-VaPUC  |9 468330  |x EDAD MEDIA 
852 |a BIBCUR 
942 |c BK  |2 ddc 
945 |d 20020328 00:00:00  |a cmena 
952 |0 0  |1 0  |4 0  |6 946_000000000000000_KED_1992  |7 0  |8 A  |9 356859  |a BIBHIS  |b BIBHIS  |d 2019-11-21  |i 3798860  |o 946 KED 1992  |p 3798860  |r 2025-01-20  |w 2019-11-21  |y BK  |k HIS